Social action programs and social funds (Record no. 76568)
[ view plain ]
| 000 -LEADER | |
|---|---|
| fixed length control field | 00949nam a2200217 a 4500 |
| 008 - FIXED-LENGTH DATA ELEMENTS--GENERAL INFORMATION | |
| fixed length control field | 120416s1995 ||||||||||||||||| || u |
| 020 ## - INTERNATIONAL STANDARD BOOK NUMBER | |
| International Standard Book Number | 0821331671 |
| 050 ## - LIBRARY OF CONGRESS CALL NUMBER | |
| Classification number | HC 800.Z9 Soc |
| 100 ## - MAIN ENTRY--PERSONAL NAME | |
| Personal name | Marc, Alexandre, 1956- |
| 245 10 - TITLE STATEMENT | |
| Title | Social action programs and social funds |
| 246 ## - | |
| -- | a review of design and implimentation in Sub-Saharan Africa |
| 260 ## - PUBLICATION, DISTRIBUTION, ETC. | |
| Place of publication, distribution, etc. | Washington, D. C. |
| Name of publisher, distributor, etc. | World Bank |
| Date of publication, distribution, etc. | 1995 |
| 300 ## - PHYSICAL DESCRIPTION | |
| Extent | xv, 155p. : ill. |
| 350 ## - | |
| -- | 0.00 |
| 650 ## - SUBJECT ADDED ENTRY--TOPICAL TERM | |
| Topical term or geographic name entry element | POOR--AFRICA, SUBSAHARAN |
| 650 #0 - SUBJECT ADDED ENTRY--TOPICAL TERM | |
| Topical term or geographic name entry element | ECONOMICS |
| 650 ## - SUBJECT ADDED ENTRY--TOPICAL TERM | |
| Topical term or geographic name entry element | ECONOMIC ASSISTANCE, DOMESTIC--AFRICA, SUB-SAHARAN |
| 650 ## - SUBJECT ADDED ENTRY--TOPICAL TERM | |
| Topical term or geographic name entry element | COMMUNITY DEVELOPMENT--AFRICA, SUB-SAHARAN |
| 995 ## - | |
| -- | ANNEX COLLECTION (Main Library) |
| -- | 0.00 |
| -- | 727751 |
| -- | CBU-MAIN LIBRARY (Kitwe) |
| -- | 2 |
| -- | 0.00 |
| -- | HC 800.Z9 Soc |
| -- | 2 |
| -- | AVAILABLE |
| -- | 025744 |
| -- | Annex Low-Usage Collection |
| 995 ## - | |
| -- | SPECIAL COLLECTIONS |
| -- | 0.00 |
| -- | 019595 |
| -- | CBU-MAIN LIBRARY (Kitwe) |
| -- | 1 |
| -- | 0.00 |
| -- | IBRD(08)DP/274 |
| -- | 1 |
| -- | AVAILABLE |
| -- | 019595 |
| -- | International Publications |
| 999 ## - | |
| -- | 76568 |
| -- | 76568 |
| Withdrawn status | Lost status | Source of classification or shelving scheme | Damaged status | Not for loan | Permanent Location | Current Location | Shelving location | Date acquired | Total Checkouts | Full call number | Barcode | Date last seen | Copy number | Price effective from | Koha item type |
|---|---|---|---|---|---|---|---|---|---|---|---|---|---|---|---|
| CBU-MAIN LIBRARY, KITWE. | CBU-MAIN LIBRARY, KITWE. | 04/25/2023 | HC 800.Z9 Soc | 025744 | 04/25/2023 | 1 | 04/25/2023 | MONOGRAPH | |||||||
| CBU-MAIN LIBRARY, KITWE. | CBU-MAIN LIBRARY, KITWE. | 04/25/2023 | IBRD(08)DP/274 | 019595 | 04/25/2023 | 2 | 04/25/2023 | SPECIAL COLLECTION |